000 01035cam a2200277 4500
008 020508n2002 000 0 eng u
020 _a0471084980
035 _a(Sirsi) u117903
041 _aeng.
050 _a551.49
100 _aPinder, G.F.
245 _aGroundwater modeling using geographical information systems
260 _aNew York
_bWiley
_c2002
300 _axii,233p.
_bill.
_c25cm.
350 _a66.95
520 _aCovers fundamental information on flow and mass transport modeling. Also demonstrates how GIS technology makes these models and analyses more accurate than ever before. Enhanced with illustrations and screen captures, this text will be of interest to civil engineers, environmental engineers, geologists and hydrologists. Includes CD Rom which is not avaiable for loan.
650 _aGROUNDWATER
650 _aWATER
650 _aMODELLING
650 _aGIS
650 _aCOMPUTER SIMULATION
650 _aHYDROLOGY
650 _aGEODESY
690 _aGeomatics
_96242
942 _n0
999 _c102065
_d102065